000 01223nam2a22002531 4500
001 RU\NLR\INFOCOMM17\1000422599
005 20250617112507.0
035 _a(NLR Aleph) 002572578
090 _a3202950
_c3202950
100 _a20040602d1975 |||y0rusy50 ca
101 0 _arus
102 _aRU
105 _ay |||||||||
200 1 _aМикропроцессоры
_eОбзор отеч. и зарубеж. литературы за 1972 - 1975 г.г.
_fН.Н. Красавина
210 _d1975
_aБ. м.
461 0 _1001RU\NLR\INFOCOMM17\1000422551
_12001#$aОбзоры состояния отдельных вопросов автоматики и приборостроения$fЦентр науч.-техн. информации "Поиск". ОНТИ6$vВып.82
_93202539
_c[М.]
_d1972-1976
_fЦентр науч.-техн. информации "Поиск". ОНТИ6
_tОбзоры состояния отдельных вопросов автоматики и приборостроения
_vВып.82
700 1 _aКрасавина
_bН.Н.
_4070
801 1 _aRU
_bInfoComm
_c20040602
801 0 _aRU
_bNLR
_gPSBO
852 _aNLR
_jП10/4517
942 _cISSUE
980 _aNB
980 _aRUSPER